Reformy naše každodenné

Slovenskú ekonomiku charakterizuje vysoká miera verejných výdavkov a neefektívne hospodárenie s verejnými financiami. Aj napriek niekoľkým opatreniam v daňovej sústave, najmä zníženiu sadzieb daní z príjmov s platnosťou od začiatku roka 2002, vláda ani parlament neurobili žiadnu podstatnú systémovú...

Celý popis

Uložené v:
Podrobná bibliografia
Hlavný autor: Ragáčová, Katarína
Médium: Kapitola
Jazyk:Slovak
Predmet:
Tagy: Pridať tag
Žiadne tagy, Buďte prvý, kto otaguje tento záznam!

MARC

LEADER 00000naa a2200000 4500
001 r048161
005 20230920090343.8
041 0 |a slo 
044 |a SK 
245 1 0 |a Reformy naše každodenné  |c Katarína Ragáčová 
520 |a Slovenskú ekonomiku charakterizuje vysoká miera verejných výdavkov a neefektívne hospodárenie s verejnými financiami. Aj napriek niekoľkým opatreniam v daňovej sústave, najmä zníženiu sadzieb daní z príjmov s platnosťou od začiatku roka 2002, vláda ani parlament neurobili žiadnu podstatnú systémovú zmenu na strane verejných výdavkov, ktorá by mohla viesť k dlhodobému odbremeneniu daňových poplatníkov. Základné charakteristiky efektívneho daňového systému. 
610 2 0 |a reformy daňové 
610 2 0 |a Slovensko 
610 2 0 |a financie verejné 
610 2 0 |a výdavky rozpočtu štátneho 
610 2 0 |a daňovníci 
610 2 0 |a sadzby daňové 
100 1 |a Ragáčová, Katarína